Reglamento del juego de ajedrez, actualizado hasta las resoluciones tomadas en el 50º congreso de /
Guardado en:
| Autor Principal: | |
|---|---|
| Formato: | Libro |
| Publicado: |
Buenos Aires :
Federación Argentina de Ajedrez / coleg. de arb. aj., 0
|
| Materias: | |
| Etiquetas: |
Agregar Etiqueta
Sin Etiquetas, Sea el primero en etiquetar este registro!
|
| LEADER | 00581nam a22001695a 4500 | ||
|---|---|---|---|
| 001 | CEM.cems002390 | ||
| 005 | 20060217000000.0 | ||
| 008 | 130507b######################000#0#####d | ||
| 003 | CEMS | ||
| 082 | 0 | 4 | |a 794.1 |
| 100 | 1 | |a Federac Intern De Ajedrez | |
| 245 | 1 | 0 | |a Reglamento del juego de ajedrez, actualizado hasta las resoluciones tomadas en el 50º congreso de / |
| 260 | |a Buenos Aires : |b Federación Argentina de Ajedrez / coleg. de arb. aj., 0 | ||
| 300 | |a 58 p. | ||
| 653 | |a Ajedrez | ||
| 653 | |a Juegos de habilidad | ||
| 859 | |a CEMS |b BIB. CEMS - 11 de abril |h 794.1 |i F317 |p 27.99 |t Ej.1 | ||
